Responses for show #5290 - Friday, September 14, 2007

Contestants

[<< previous game]

Matt Caporaletti, an advertising account supervisor from Westwood, New Jersey

Clé Holly, a singer/songwriter from Nashville, Tennessee

Rick Kent, a paralegal from Los Angeles, California (whose 3-day cash winnings total $67,202)

[next game >>]

Jeopardy! Round responses

NEW YORK, NEW YORK
CATS
CHILDREN'S AUTHORS
JUDY
ANGEL
THAT'S MY "MA"
    $200 1
the Empire State Building

Rick
    $200 6
(Rick: What is bronze?)

silver

RickMatt
    $200 8
Maria Shriver

Rick
    $200 16
Judy Garland

Rick
    $200 21
pasta

Clé
    $200 26
a marlin

Rick
    $400 2
(Rick: What is Staten Island?)

Brooklyn

RickClé
    $400 7
bubonic plague

Rick
    $400 9
L(yman) Frank Baum

Matt
    $400 17
Private Benjamin

Rick
    $400 22
a guardian angel

Clé
    $400 27
Poor Richard's Almanack

Rick
    $600 3
Columbia

Clé
    $600 13
9 lives

Clé
    $600 10
R(obert) L(awrence) Stine

Rick
    $600 18
Scrubs

Rick
    $600 23
"Hark! The Herald Angels Sing"

Matt
    $600 28
a dermatologist

Rick
    $800 4
(Alex: [*], [*], yes.)

Long Island

Rick
    $800 14
Egypt

Rick
    $1,600 11
Roald Dahl

Rick
    $800 19
Who's the Boss?

Rick
    $800 24
Charlotte Church

Clé
    $800 29
an enigma

Matt
    $1000 5
the Stamp Act

Matt
    $1000 15
(Clé: What is Pekinese?)

Himalayan

Clé
Triple Stumper
    $1000 12
Beverly Cleary

Matt
    $1000 20
Judy Collins

Rick
    $1000 25
Angels in America

Matt
    $1000 30
homage

Rick

Scores at the first commercial break (after clue 15):

Rick Clé Matt
$4,000 $600 $2,600

Scores at the end of the Jeopardy! Round:

Rick Clé Matt
$9,200 $2,000 $5,000

Double Jeopardy! Round responses

RIVERS
SITCOM SUPPORTING CHARACTERS
DE GAULLE OF DAT GUY!
ELECTRONICA
(Alex: ...at Sony.)
TITLE BALLET WOMEN
CROSSWORD CLUES "C"
(Alex: Each correct response will begin with that letter of the alphabet.)
    $400 8
(Alex: The Big Muddy--[*].)

Missouri

Triple Stumper
    $400 3
The Brady Bunch

Rick
    $400 13
Verdun

Matt
    $400 17
(Rick: What is a centimeter?)

a millimeter

RickMatt
    $400 22
Carmen

Matt
    $400 1
a colony

Matt
    $800 9
the Jordan

Matt
    $800 4
The Office

Clé
    $800 14
Francois Mitterrand

Matt
    $800 18
1955

Rick
    $800 27
Quasimodo

Rick
    $800 2
cowl

Rick
    $1200 10
the Hudson River

Triple Stumper
    $1200 5
Frasier

Rick
    $1200 15
(Rick: What is Marsielles?)
(Alex: No. Made the broadcast from [*].)

London

Rick
Triple Stumper
    $1200 19
(Rick: What is liquid crystal diode?)

Liquid Crystal Display

RickMatt
    $1200 28
Sleeping Beauty

Clé
    $2,000 24
(Matt: What is a palomino?)
(Alex: No. Remember it has to start with a "C." Forgot the category. What is [*]?)

a chestnut

Matt
    $1600 11
the Cam River

Triple Stumper
    $1600 6
My Name Is Earl

Clé
    $1600 16
the Maginot Line

Rick
    $1600 21
blue

Clé
    $4,200 29
(Clé: What is Alexandra?)

Anastasia

Clé
    $1600 25
(Clé: What are the Cascades?)

the Catskills

Clé
Triple Stumper
    $2000 12
Brazil

Matt
    $2000 7
The Simpsons

Matt
    $2000 20
Marshal Petain

Matt
    $2000 23
(Matt: What is peer-to-peer?)

parallel processing

Matt
Triple Stumper
    $2000 30
Phaedra

Triple Stumper
    $2000 26
Clio

Triple Stumper

Scores at the end of the Double Jeopardy! Round:

Rick Clé Matt
$12,000 $1,400 $11,400

[wagering suggestions for these scores]

Final Jeopardy! Round responses

BREAD
(Alex: The symbol for Islam is a crescent. They ate [*].)
CléWhat is a baguette?
$0
MattWhat is manna?
$8,500
RickWhat is pita?
$10,801
croissants (crescent rolls)

Final scores:

Rick Clé Matt
$1,199 $1,400 $2,900
3rd place: $1,000 2nd place: $2,000 New champion: $2,900

Game dynamics:

Coryat scores:

Rick Clé Matt
$11,200 $5,600 $13,400
22 R
(including 1 DD),
5 W
10 R,
3 W
(including 1 DD)
17 R,
2 W
(including 1 DD)

Combined Coryat: $30,200

The J! Archive is created by fans, for fans. The Jeopardy! game show and all elements thereof, including but not limited to copyright and trademark thereto, are the property of Jeopardy Productions, Inc. and are protected under law. This website is not affiliated with, sponsored by, or operated by Jeopardy Productions, Inc. Join the discussion at JBoard.tv.